Crystal Palace Squad 2019-2020 - Statistics

General Stats
  • This quiz has been taken 26 times
  • The average score is 19 of 26
Answer Stats
# Position Nation Player % Correct
7 MF Germany Max Meyer
100%
13 GK Wales Wayne Hennessey
100%
11 FW Ivory Coast Wilfried Zaha
100%
18 MF Scotland James McArthur
95%
9 FW Ghana Jordan Ayew
95%
4 MF Serbia Luka Milivojević
95%
8 MF Senegal Cheikhou Kouyaté
90%
5 DF England James Tomkins
90%
2 DF England Joel Ward
90%
17 FW Belgium Christian Benteke
85%
44 DF Netherlands Jaïro Riedewald
85%
15 MF Ghana Jeffrey Schlupp
85%
12 DF France Mamadou Sakho
80%
- Coach England Roy Hodgson
80%
31 GK Spain Vicente Guaita
80%
10 FW England Andros Townsend
75%
20 FW Turkey Cenk Tosun
75%
3 DF Netherlands Patrick van Aanholt
75%
6 DF England Scott Dann
70%
22 MF Ireland James McCarthy
65%
24 DF England Gary Cahill
50%
34 DF England Martin Kelly
45%
19 GK Ireland Stephen Henderson
30%
23 MF Spain Víctor Camarasa
30%
21 FW England Connor Wickham
25%
35 DF England Sam Woods
5%
No matching quizzes found
Score Distribution
Percent of People with Each Score
Percentile by Number Answered
Your Score History
You have not taken this quiz